00426naa a2200133 a 45000010005000000030005000050050017000100080041000270400020000681000023000882450079001116000027001907730075002171179CDMR20130328100705.0130130s ||||||||||||r|||||||||||||||d aCDMRbcatcCDMR1 aPellicena, Joaquim10aEnric Prat de la Ribab: conferència a Ràdio Barcelona : dia 3 de juny14aPrat de la Riba, Enric0 tAssociació de Periodistes de BarcelonagAny II, 1933, p.215-225w315